Social psychology: Understanding the power of social influence (Record no. 393691)

MARC details
000 -LEADER
fixed length control field 00570 a2200205 4500
005 - DATE & TIME
control field 20260130163729.0
008 - FIXED-LENGTH DATA ELEMENTS--GENERAL INFORMATION
fixed length control field 260129b |||||||| |||| 00| 0 eng d
020 ## - ISBN
International Standard Book Number 9789359777405
Price Rs. 1695.00
040 ## - CATALOGING SOURCE
Original cataloging agency VIVEKANANDA LIBRARY
082 ## - DDC NUMBER
Classification number 301.1
Book Number P435S
100 ## - MAIN ENTRY--PERSONAL NAME
Personal name Pervez, Rikza
245 ## - TITLE STATEMENT
Title Social psychology: Understanding the power of social influence
260 ## - PUBLICATION, DISTRIBUTION, ETC. (IMPRINT)
Name of publisher, distributor, etc The Readers Paradise
Date of publication, distribution, etc 2023
Place of publication, distribution, etc New Delhi
300 ## - PHYSICAL DESCRIPTION
Pages 220
440 ## - Series Statement
Series Title Readings in psychology
650 ## - Subject
Subject Sociology
650 ## - Subject
Subject Psychology - Social
650 ## - Subject
Subject Social Interaction
942 ## - ADDED ENTRY ELEMENTS (KOHA)
Koha item type Books
Holdings
Withdrawn status Lost status Source of classification or shelving scheme Damaged status Not for loan Location (home branch) Sublocation or collection (holding branch) Shelving location Date acquired Koha issues (times borrowed) Koha full call number Accession No. Koha date last seen Koha item type
    Dewey Decimal Classification     VIVEKANANDA LIBRARY VIVEKANANDA LIBRARY Vivekananda Library 03/12/2025   301.1 P435S 443392 03/12/2025 Books
© Designed and Maintained by Vivekananda Library, MDU Rohtak